A társadalmi átalakulás jelei
Elmentve itt :
| Szerző: | |
|---|---|
| Dokumentumtípus: | Könyv része |
| Megjelent: |
2014
|
| Sorozat: | A vallási kultúrakutatás könyvei
Plébánia és társadalom : a római katolikus alsópapság és a laikus templomszolgák társadalmi szerepe Csongrádon a 19. század második felében |
| Kulcsszavak: | Társadalomtörténet - Magyarország - 19. sz. - regionális, Csongrád |
| Tárgyszavak: | |
| Online Access: | http://acta.bibl.u-szeged.hu/67310 |
| LEADER | 00956naa a2200229 i 4500 | ||
|---|---|---|---|
| 001 | acta67310 | ||
| 005 | 20211124095357.0 | ||
| 008 | 200529s2014 hu o 0|| hun d | ||
| 020 | |a 978-963-306-332-3 | ||
| 022 | |a 2064-4825 | ||
| 040 | |a SZTE Egyetemi Kiadványok Repozitórium |b hun | ||
| 041 | |a hun | ||
| 100 | 1 | |a Gyöngyössy Orsolya | |
| 245 | 1 | 2 | |a A társadalmi átalakulás jelei |h [elektronikus dokumentum] / |c Gyöngyössy Orsolya |
| 260 | |c 2014 | ||
| 300 | |a 204-211 | ||
| 490 | 0 | |a A vallási kultúrakutatás könyvei | |
| 490 | 0 | |a Plébánia és társadalom : a római katolikus alsópapság és a laikus templomszolgák társadalmi szerepe Csongrádon a 19. század második felében | |
| 650 | 4 | |a Társadalomtudományok | |
| 650 | 4 | |a Szociológia | |
| 695 | |a Társadalomtörténet - Magyarország - 19. sz. - regionális, Csongrád | ||
| 856 | 4 | 0 | |u http://acta.bibl.u-szeged.hu/67310/1/vallasi_kulturakutatas_konyvei_016_204-211.pdf |z Dokumentum-elérés |